[Event "Montigny le Bretonneux op 25th"]
[Site "Montigny le Bretonneux"]
[Date "2023.05.20"]
[Round "5"]
[White "Tanchoux, Pierre"]
[Black "Carbonero, Jean Marc"]
[Result "1-0"]
[WhiteElo "1236"]
[BlackElo "1027"]
[PlyCount "83"]
[EventDate "2023.05.18"]
[EventType "swiss"]
[EventRounds "9"]
[EventCountry "FRA"]
[SourceTitle "CBM 214 Extra"]
[Source "ChessBase"]
[SourceDate "2023.07.31"]
[SourceVersion "1"]
[SourceVersionDate "2023.07.31"]
[SourceQuality "1"]

1. d4 d5 2. Nf3 Nc6 3. e3 Bf5 4. c4 Nf6 5. Nc3 e6 6. Bd3 Bxd3 7. Qxd3 Bb4 8. 0-0 0-0 9. Bd2 Bxc3 10. Bxc3 Ne4 11. cxd5 exd5 12. Nd2 Re8 13. Rae1 Re6 14. f3 Nxc3 15. Qxc3 Qg5 16. f4 Qg4 17. Rf3 Rg6 18. Rg3 Qf5 19. Rxg6 Qxg6 20. Rf1 Re8 21. Rf3 Re6 22. f5 Qg4 23. fxe6 Qxe6 24. Qd3 Nb4 25. Qf5 Qxf5 26. Rxf5 Nxa2 27. Rxd5 f6 28. Rd7 b5 29. Rxc7 a5 30. Rc5 Nb4 31. Rxb5 Nd3 32. b3 Nc1 33. Nc4 Kf7 34. Nxa5 Nd3 35. Nc4 g5 36. Nd6+ Kg6 37. Rb6 f5 38. Ne4+ Kh5 39. Nf2 Nxf2 40. Kxf2 Kh4 41. Rh6+ Kg4 42. h3# 1-0

[Event "Cappelle Online Blitz op 1st"]
[Site "Europe Echecs INT"]
[Date "2021.01.10"]
[Round "7"]
[White "Konopka, John"]
[Black "Carbonero, Jean Marc"]
[Result "1-0"]
[WhiteElo "1308"]
[BlackElo "1031"]
[PlyCount "39"]
[EventDate "2021.01.10"]
[EventType "swiss (blitz)"]
[EventRounds "11"]
[EventCountry "FRA"]
[SourceTitle "CBM 200 Extra"]
[Source "ChessBase"]
[SourceDate "2021.03.31"]
[SourceVersion "1"]
[SourceVersionDate "2021.03.31"]
[SourceQuality "1"]

1. e4 e5 2. Nf3 Nc6 3. d4 f6 4. d5 Nce7 5. Bc4 c6 6. d6 Ng6 7. Nh4 Nxh4 8. Qh5+ Ng6 9. Qd1 Qb6 10. 0-0 c5 11. Nc3 Bxd6 12. Nd5 Qc6 13. f4 N8e7 14. f5 Nh4 15. g3 Nxd5 16. Bxd5 Qb5 17. Qh5+ Ng6 18. fxg6 Qb6 19. gxh7+ Kf8 20. Qf7# 1-0

[Event "Montigny le Bretonneux op 22nd"]
[Site "Montigny le Bretonneux"]
[Date "2018.05.13"]
[Round "8"]
[White "Carbonero, Jean Marc"]
[Black "Rayeh, Anas"]
[Result "1-0"]
[WhiteElo "1098"]
[BlackElo "1204"]
[PlyCount "235"]
[EventDate "2018.05.10"]
[EventType "swiss"]
[EventRounds "9"]
[EventCountry "FRA"]
[SourceTitle "CBM 184 Extra"]
[Source "ChessBase"]
[SourceDate "2018.06.28"]
[SourceVersion "1"]
[SourceVersionDate "2018.06.28"]
[SourceQuality "1"]

1. e4 e5 2. Nf3 Nc6 3. Bb5 Nf6 4. Bxc6 dxc6 5. d3 Bg4 6. 0-0 Bc5 7. Bg5 0-0 8. h3 Bh5 9. Nbd2 Qe7 10. Be3 Rfe8 11. a3 a5 12. c3 Bb6 13. Bxb6 cxb6 14. b4 Rad8 15. Qc2 Qd7 16. Nxe5 Qd6 17. Ndc4 Qc7 18. d4 b5 19. Ne3 axb4 20. cxb4 Rxd4 21. N5g4 Bxg4 22. Nxg4 Nxg4 23. hxg4 Qe5 24. f3 Qf4 25. Qf2 Rd6 26. g3 Qd2 27. Qxd2 Rxd2 28. Rad1 Re2 29. Rf2 Rxf2 30. Kxf2 h6 31. Ra1 Rd8 32. Ke3 g6 33. Kf4 Rd3 34. e5 h5 35. Ke4 Rb3 36. g5 f5+ 37. Kf4 b6 38. g4 h4 39. gxf5 h3 40. fxg6 h2 41. Rh1 Rxa3 42. Rxh2 Kg7 43. Kf5 Rxf3+ 44. Kg4 Rf8 45. e6 Kxg6 46. e7 Re8 47. Re2 c5 48. Re6+ Kf7 49. Rxb6 Rxe7 50. Rxb5 cxb4 51. Rxb4 Kg6 52. Rb6+ Kg7 53. Kh5 Kh7 54. g6+ Kg7 55. Rd6 Re5+ 56. Kh4 Re4+ 57. Kg5 Re5+ 58. Kf4 Rb5 59. Ke4 Ra5 60. Kf4 Ra4+ 61. Kg5 Ra5+ 62. Kh4 Rc5 63. Ra6 Rc4+ 64. Kg3 Rc3+ 65. Kf4 Rc5 66. Rb6 Rd5 67. Ke4 Rh5 68. Kd4 Rh4+ 69. Ke5 Rh5+ 70. Kf4 Rc5 71. Ra6 Rb5 72. Kg4 Rb4+ 73. Kf3 Rb3+ 74. Ke4 Rb5 75. Kd4 Rg5 76. Ke4 Rh5 77. Kf4 Rb5 78. Re6 Rh5 79. Kg4 Rc5 80. Kf4 Ra5 81. Rb6 Rc5 82. Ke4 Ra5 83. Kf4 Rd5 84. Ke4 Rh5 85. Re6 Rh6 86. Kf5 Rh5+ 87. Kg4 Rc5 88. Ra6 Rd5 89. Kf4 Rh5 90. Ke4 Rb5 91. Kd4 Rf5 92. Kc4 Rh5 93. Kb4 Rh6 94. Kc5 Kg8 95. Kd5 Kg7 96. Ke5 Rh5+ 97. Kf4 Kh6 98. Kg4 Re5 99. Rf6 Rg5+ 100. Kf4 Rc5 101. Kg4 Rc4+ 102. Kf5 Rc5+ 103. Ke6 Rc6+ 104. Kf7 Rc7+ 105. Kf8 Rg7 106. Ke8 Re7+ 107. Kxe7 Kg7 108. Ke6 Kh6 109. Kf5 Kg7 110. Ke5 Kh6 111. Ke6 Kg7 112. Ke7 Kh6 113. Rf7 Kxg6 114. Rf6+ Kg5 115. Ke6 Kg4 116. Rg6+ Kf4 117. Rf6+ Ke4 118. Rf5 1-0

[Event "Montigny le Bretonneux op 22nd"]
[Site "Montigny le Bretonneux"]
[Date "2018.05.10"]
[Round "1"]
[White "Carbonero, Jean Marc"]
[Black "Sondermeijer, Antoine"]
[Result "0-1"]
[WhiteElo "1098"]
[BlackElo "1465"]
[PlyCount "90"]
[EventDate "2018.05.10"]
[EventType "swiss"]
[EventRounds "9"]
[EventCountry "FRA"]
[SourceTitle "CBM 184 Extra"]
[Source "ChessBase"]
[SourceDate "2018.06.28"]
[SourceVersion "1"]
[SourceVersionDate "2018.06.28"]
[SourceQuality "1"]

1. e4 e5 2. Nf3 Nf6 3. Nc3 Nc6 4. Bc4 Bc5 5. 0-0 0-0 6. d3 h6 7. Be3 Bb6 8. Bxb6 axb6 9. d4 d6 10. d5 Na5 11. Be2 c6 12. b4 cxd5 13. bxa5 d4 14. Nb1 Nxe4 15. axb6 Qxb6 16. Bd3 Qb2 17. Nbd2 Nxd2 18. Qxd2 Rxa2 19. Rab1 Qa3 20. Bc4 Rb2 21. Rxb2 Qxb2 22. Ne1 Qb6 23. Be2 Be6 24. c4 dxc3 25. Qxc3 Rc8 26. Qe3 Qd8 27. f4 Qc7 28. f5 Bc4 29. Nd3 f6 30. Rc1 Qd7 31. g4 b5 32. Nf2 d5 33. Nd3 d4 34. Qh3 Qa7 35. Qg2 Qf7 36. Qf1 Rc7 37. Nb2 Bxe2 38. Rxc7 Bxf1 39. Rxf7 Kxf7 40. Kxf1 Ke7 41. Ke2 Kd6 42. Kd3 Kd5 43. Kd2 e4 44. h4 Ke5 45. Nd1 Kf4 0-1

[Event "Montigny le Bretonneux op 21st"]
[Site "Montigny le Bretonneux"]
[Date "2017.05.28"]
[Round "9"]
[White "Zareli, Youssef"]
[Black "Carbonero, Jean Marc"]
[Result "1/2-1/2"]
[WhiteElo "1009"]
[BlackElo "1136"]
[PlyCount "124"]
[EventDate "2017.05.25"]
[EventType "swiss"]
[EventRounds "9"]
[EventCountry "FRA"]
[SourceTitle "EXT 2020"]
[Source "ChessBase"]
[SourceDate "2019.10.17"]
[SourceVersion "1"]
[SourceVersionDate "2019.10.17"]
[SourceQuality "1"]

1. e4 e5 2. Nf3 Nc6 3. d4 exd4 4. Nxd4 Nxd4 5. Qxd4 d6 6. Nc3 c5 7. Qa4+ Bd7 8. Bb5 Nf6 9. Bg5 Bxb5 10. Qxb5+ Qd7 11. 0-0 a6 12. Qc4 Be7 13. Rad1 0-0 14. e5 Qe6 15. Nd5 Qxe5 16. Nxe7+ Qxe7 17. Rde1 Qd8 18. Re3 Re8 19. Rf3 h6 20. Bh4 Re4 21. Qb3 Rxh4 22. Qxb7 Rb4 23. Qc6 Rb6 24. Qa4 Qd7 25. Qh4 Qg4 26. Qxg4 Nxg4 27. Rb3 Rxb3 28. cxb3 Rb8 29. Rd1 Rd8 30. f3 Nf6 31. a3 d5 32. b4 c4 33. g4 d4 34. Kf1 g5 35. Ke1 h5 36. h3 d3 37. gxh5 Nxh5 38. a4 Nf4 39. b5 d2+ 40. Rxd2 Rxd2 41. Kxd2 axb5 42. axb5 Nd5 43. Kc2 f5 44. b3 cxb3+ 45. Kxb3 Kf7 46. Kc4 Nc7 47. b6 Na6 48. Kb5 Nb8 49. b7 Ke7 50. Kb6 Kd7 51. Ka7 Kc7 52. Ka8 Nc6 53. b8Q+ Nxb8 54. Ka7 Nd7 55. Ka6 Kd6 56. Kb5 Nf6 57. Kc4 Ke5 58. Kd3 Kf4 59. Ke2 Nh5 60. Kf2 g4 61. fxg4 fxg4 62. hxg4 Kxg4 1/2-1/2